Music Quiz

Random Music Quiz
Score 0/10 Timer 08:00
0 Plays Today
Answer % Correct
November Rain
97.6%
Welcome To The Jungle
94%
Sweet Child O' Mine
92.9%
Don't Cry
90.5%
Paradise City
89.3%
Patience
78.6%
Live And Let Die
69%
Mr. Brownstone
57.1%
Knockin' On Heaven's Door
52.4%
My Michelle
39.3%
Remove Ads.
Support Sporcle.
Get the best of Sporcle when you Go Orange. This ad-free experience offers more features, more stats, and more fun while also helping to support Sporcle. Thank you for becoming a member.

You're not logged in!

Compare scores with friends on all Sporcle quizzes.
OR
Log In

Show Comments

Extras

Created Dec 10, 2018ReportNominate
Tags:gun, hit, rose

Top Quizzes Today


Score Distribution

Your Account Isn't Verified!

In order to create a playlist on Sporcle, you need to verify the email address you used during registration. Go to your Sporcle Settings to finish the process.

Report this User

Report this user for behavior that violates our Community Guidelines.

Details: